<?xml version="1.0" encoding="UTF-8"?>
<marc:record xmlns:marc="http://www.loc.gov/MARC21/slim">
   <marc:leader>00000nam a2200000 a 4500</marc:leader>
   <marc:datafield ind1="1" ind2=" " tag="100">
      <marc:subfield code="a">Novik, Naomi</marc:subfield>
      <marc:subfield code="4">aut</marc:subfield>
      <marc:subfield code="e">Verfasser/-in</marc:subfield>
   </marc:datafield>
   <marc:datafield ind1=" " ind2=" " tag="653">
      <marc:subfield code="a">Schule</marc:subfield>
   </marc:datafield>
   <marc:datafield ind1=" " ind2=" " tag="653">
      <marc:subfield code="a">Fantasy</marc:subfield>
   </marc:datafield>
   <marc:datafield ind1=" " ind2=" " tag="653">
      <marc:subfield code="a">Romantik</marc:subfield>
   </marc:datafield>
   <marc:datafield ind1=" " ind2=" " tag="653">
      <marc:subfield code="a">Jugendbücher ab 12-Jahre</marc:subfield>
   </marc:datafield>
   <marc:datafield ind1=" " ind2=" " tag="653">
      <marc:subfield code="a">Zauberei</marc:subfield>
   </marc:datafield>
   <marc:datafield ind1=" " ind2=" " tag="653">
      <marc:subfield code="a">Romantasy</marc:subfield>
   </marc:datafield>
   <marc:datafield ind1=" " ind2=" " tag="653">
      <marc:subfield code="a">starke Heldin</marc:subfield>
   </marc:datafield>
   <marc:datafield ind1="0" ind2="0" tag="245">
      <marc:subfield code="a">Scholomance ; Tödliche Lektion</marc:subfield>
   </marc:datafield>
   <marc:datafield ind1=" " ind2="1" tag="264">
      <marc:subfield code="b">cbj</marc:subfield>
      <marc:subfield code="c">2021</marc:subfield>
   </marc:datafield>
   <marc:datafield ind1="1" ind2=" " tag="490">
      <marc:subfield code="a">Scholomance</marc:subfield>
   </marc:datafield>
   <marc:datafield ind1="1" ind2=" " tag="520">
      <marc:subfield code="a">Angaben aus der Verlagsmeldung  Scholomance - Tödliche Lektion Scholomance #1 / von Naomi Novik  Eine Magierschule, in der Versagen den sicheren Tod bedeutet ...  Scholomance ist eine Magierschule, wie es sie noch nie gegeben hat: Keine Lehrer, keine Ferien, Freundschaft nur als Mittel zum Zweck und sehr ungleiche Überlebenschancen. Es gibt nur zwei Wege heraus aus der Schule: die Abschlussprüfung oder den Tod. Galadriel, genannt El, ist bestens vorbereitet auf die Gefahren der Schule: Sie hat zwar niemanden, der ihr hilft, aber eine starke dunkle Gabe, mit der sie problemlos auf einen Schlag die Monster auslöschen könnte, die überall in der Schule lauern. Aber das würde auch ihre Mitschüler treffen. Anders als der unerträgliche Schulstar Orion, der ständig Leben rettet, tut El deshalb alles, um diese Gabe nicht zu nutzen  es sei denn, sie hat keine andere Wahl ...  Unzählige Fans sind von den bildgewaltigen und genial erzählten Geschichten von der Bestsellerautorin Naomi Novik begeistert. Ihre starken Heldinnen widersetzen sich Konventionen und zeichnen sich durch Komplexität aus. »Scholomance« bietet dunkle und gewitzte Abenteuer voll unerwarteter Wendungen.  Alle Bände der Scholomance-Trilogie:  Scholomance  Tödliche Lektion (Band 1)  Scholomance  Der letzte Absolvent (Band 2)  Scholomance  Die goldenen Enklaven (Band 3)</marc:subfield>
   </marc:datafield>
   <marc:datafield ind1=" " ind2=" " tag="020">
      <marc:subfield code="a">9783570166093</marc:subfield>
      <marc:subfield code="9">9783570166093</marc:subfield>
   </marc:datafield>
</marc:record>
